000 00574nam a2200181Ia 4500
005 20250423101413.0
008 250422s9999 xx 000 0 und d
020 _a9780785279105
050 _aHF 5438.8.P75 .T73/
100 _aTracy, Brian.
245 4 _aThe psychology of selling: how to sell more, easier, and faster than you ever thought possible
260 _aUnited State
260 _bA division of Thomas Neelson publishers
260 _c2004
300 _a220 p
650 _aSelling--Psychological aspects. Selling--Handbooks, manuals, etc.
942 _cBK
999 _c36207
_d36207